L'Italie pour les touristes... - Statistiques

Statistiques générales
  • Ce quiz a été pris 188 fois
    127 depuis la dernière actualisation
  • Le résultat moyen est 16 sur 20
Statistiques - réponses
Question Indice Réponses % Correct
Le suffixe internet est it
100%
Quelle est la langue officielle ? Italien
99%
La conduite se fait à droite ou à gauche ? Droite
96%
Quelles autres langues sont répandues ? F Français
96%
Dans la capitale y-a-t-il un décalage horaire avec Paris ? (oui/non) Non
96%
Quelles sont les principales villes touristiques ? R Rome
96%
Quelle est la monnaie ? Euro
95%
Quelles sont les principales villes touristiques ? V Venise
93%
Quelles sont les principales villes touristiques ? F Florence
91%
Quelles sont les principales villes touristiques ? N Naples
90%
Quelles sont les principales villes touristiques ? M Milan
89%
Quelles sont les principales villes touristiques ? T Turin
89%
La vitesse sur autoroute est limitée à {130} km/h
87%
Quelles autres langues sont répandues ? A Allemand
83%
Achats à faire 1/ Assaisonnement de salade Vinaigre {balsamique}
80%
Le taux d'alcoolémie toléré au volant est de {0.5} g/l
77%
Quelles sont les principales villes touristiques ? P Palerme
65%
La religion majoritaire est C catholicisme
61%
Achats à faire 2/ Champignon apprécié Truffe
46%
Achats à faire 3/ Verre de Murano
14%
Aucun quiz correspondant
Distribution des résultats
% des personnes avec chaque résultat
Percentile par nombre de réponses
Votre historique - résultats
Vous n’avez pas pris ce quiz depuis la dernière actualisation